000 01396nac a22002531u 4500
008 100907t xxu|||||r|||| 100 0 eng d
010 _a 91002823
020 _a3540535519 (Springer-Verlag Berlin Heidelberg New York)
020 _a0387535519 (Springer-Verlag New York Berlin Heidelberg)
082 0 0 _a624.1776
_bCON
100 _a20080729
_918464
245 0 0 _aContact Loading and Local Effects in Thin-walled Plated and Shell Structures :
_bIUTAM Symposium, Prague, Czechslovakia, September 4-7, 1990 /
_cV. Krupka, M. Drdacky (Eds.)
260 _aBerlin ;
_aNew York :
_bSpringer-Verlag,1992
_cc1992.
300 _ax, 307 p. :
_bill. ;
_c24 cm.
504 _aIncludes bibliographical references.
650 0 _aThin-walled structure
_xCongresses.
_918465
650 0 _aShells (Engineering)
_xCongresses.
_918466
700 1 _aKrupka, V.
_q(Vlastimil),
_d1927-
_918462
700 1 _aDrdacky, M.
_q(Miloš),
_d1945-
_918463
710 2 _aInternational Union of Theoretical and Applied Mechanics.
_918467
942 _cBB
_k624.1776 CON
_2ddc
999 _c3801
_d3801